[Event "Lueneburg distr-ch Haupt"]
[Site "Muenster"]
[Date "2019.10.18"]
[Round "4"]
[White "Weimer, Wilhelm"]
[Black "Robertson, Roberto"]
[Result "1-0"]
[WhiteElo "1650"]
[BlackElo "1613"]
[PlyCount "131"]
[EventDate "2019.10.17"]
[EventType "swiss"]
[EventRounds "7"]
[EventCountry "GER"]
[SourceTitle "EXT 2023"]
[Source "ChessBase"]
[SourceDate "2022.10.05"]
[SourceVersion "1"]
[SourceVersionDate "2022.10.05"]
[SourceQuality "1"]

1. e4 c5 2. Nf3 Nc6 3. d4 cxd4 4. Nxd4 e6 5. Be3 Bb4+ 6. c3 Be7 7. Be2 Nf6 8. Qc2 a6 9. 0-0 Qc7 10. Nd2 0-0 11. Nxc6 dxc6 12. f4 b5 13. Bd3 Ng4 14. Bd4 c5 15. h3 cxd4 16. hxg4 dxc3 17. bxc3 Bc5+ 18. Kh2 e5 19. f5 g6 20. a4 gxf5 21. gxf5 f6 22. axb5 Kh8 23. Rf3 Bd7 24. bxa6 Bc6 25. g3 Qg7 26. Kg2 Qg5 27. Rh1 Be3 28. Nf1 Ba7 29. Qd2 Qg7 30. Qh6 Qe7 31. g4 Rad8 32. Nd2 Rd7 33. Rfh3 Rf7 34. g5 fxg5 35. Qxc6 g4 36. Rg3 Qg5 37. Qh6 Qd8 38. Qe6 Rde7 39. Qc4 Rc7 40. Qb3 Rcd7 41. c4 Qg5 42. Qd1 Rg7 43. Qe2 Rdf7 44. Nf1 Kg8 45. Nh2 h5 46. Rb1 Bd4 47. Bc2 Ra7 48. c5 Kh7 49. c6 Rac7 50. Ba4 Qe7 51. Rb7 Ba7 52. Rxc7 Qxc7 53. Rb3 Qa5 54. Bb5 Qa1 55. Nf1 h4 56. Rd3 Bd4 57. Rxd4 Qxd4 58. c7 Rxc7 59. Qxg4 Rc2+ 60. Be2 Rc7 61. Qxh4+ Kg7 62. f6+ Kf8 63. Qh8+ Kf7 64. Qg7+ Ke8 65. Qxc7 Qxe4+ 66. Bf3 1-0

[Event "Lueneburg distr-ch Haupt"]
[Site "Muenster"]
[Date "2019.10.17"]
[Round "2"]
[White "Weimer, Wilhelm"]
[Black "Zoellner, Ev Gislain"]
[Result "1/2-1/2"]
[WhiteElo "1650"]
[BlackElo "1919"]
[PlyCount "44"]
[EventDate "2019.10.17"]
[EventType "swiss"]
[EventRounds "7"]
[EventCountry "GER"]
[SourceTitle "EXT 2023"]
[Source "ChessBase"]
[SourceDate "2022.10.05"]
[SourceVersion "1"]
[SourceVersionDate "2022.10.05"]
[SourceQuality "1"]

1. e4 e5 2. Nf3 Nc6 3. d4 exd4 4. Bc4 d6 5. 0-0 Be7 6. Nxd4 Nxd4 7. Qxd4 Bf6 8. Qd3 Ne7 9. Nc3 0-0 10. Be3 a6 11. a4 Nc6 12. Rae1 Ne5 13. Qe2 Be6 14. Bxe6 fxe6 15. f4 Ng6 16. Qc4 Qd7 17. f5 Bxc3 18. bxc3 d5 19. Qd4 exf5 20. Qxd5+ Qxd5 21. exd5 Rad8 22. c4 Rf7 1/2-1/2